Medicina interna de todos los días / (Registro nro. 2608)

Detalles MARC
000 -LEADER
fixed length control field 01227nam a2200397 a 4500
005 - FECHA ULTIMA MODIFICACION
control field 20250806090816.0
008 - CAMPO DE CONTROL (LIBRO)
fixed length control field 100930e2016||||ag a f |||| 001 0 spa d
020 ## - INTERNATIONAL STANDARD BOOK NUMBER
ISBN 9789871639410
041 ## - CODIGO DE IDIOMA
Código de idioma del texto/pista de sonido o título separado spa
092 ## - SIGNATURA TOPOGRAFICA DEWEY LOCAL
número de clasificación 616
libristica 51
sección MED
245 ## - TITULO PROPIAMENTE DICHO
Título Medicina interna de todos los días /
Mención de responsabilidad y remanente de la transcripción de la portada María de las Mercedes Magaz
250 ## - MENCION DE EDICION
Mención de edición 1a ed.
260 ## - PIE DE IMPRENTA
Lugar de publicación, distribución, etc Buenos Aires:
Nombre de la editorial, distribuidor, etc delhospital ediciones;
Fecha de publicación 2016.
300 ## - DESCRIPCION FISICA
Extension 508 p.
Otros detalles físicos il.
Dimensiones 18x14 cm.
500 ## - NOTA GENERAL
Nota general Magaz, M. de las M. y Macaluso, M. (Eds.). (2016). Medicina interna de todos los días. (1a ed.). Buenos Aires : delhospital ediciones.
653 ## - TÉRMINO INDIZADO - PALABRAS CLAVES
Palabra clave Cardiología
653 ## - TÉRMINO INDIZADO - PALABRAS CLAVES
Palabra clave Neumología
653 ## - TÉRMINO INDIZADO - PALABRAS CLAVES
Palabra clave Gastroenterología
653 ## - TÉRMINO INDIZADO - PALABRAS CLAVES
Palabra clave Nefrología
653 ## - TÉRMINO INDIZADO - PALABRAS CLAVES
Palabra clave Hematología
653 ## - TÉRMINO INDIZADO - PALABRAS CLAVES
Palabra clave Oncología
653 ## - TÉRMINO INDIZADO - PALABRAS CLAVES
Palabra clave Infectología
653 ## - TÉRMINO INDIZADO - PALABRAS CLAVES
Palabra clave Endocrinología
653 ## - TÉRMINO INDIZADO - PALABRAS CLAVES
Palabra clave Reumatología
653 ## - TÉRMINO INDIZADO - PALABRAS CLAVES
Palabra clave Neurología
653 ## - TÉRMINO INDIZADO - PALABRAS CLAVES
Palabra clave Dermatología
653 ## - TÉRMINO INDIZADO - PALABRAS CLAVES
Palabra clave Oftalmología
653 ## - TÉRMINO INDIZADO - PALABRAS CLAVES
Palabra clave Otorrinolaringología
653 ## - TÉRMINO INDIZADO - PALABRAS CLAVES
Palabra clave Nutrición
653 ## - TÉRMINO INDIZADO - PALABRAS CLAVES
Palabra clave Toxicología
653 ## - TÉRMINO INDIZADO - PALABRAS CLAVES
Palabra clave Analgesia
653 ## - TÉRMINO INDIZADO - PALABRAS CLAVES
Palabra clave Abordaje del paciente crítico
700 1# - ENTRADAS SECUNDARIAS - NOMBRE PERSONAL
Nombre personal Magaz, María de las Merdeces
Función Edit.
9 (RLIN) 3435
700 1# - ENTRADAS SECUNDARIAS - NOMBRE PERSONAL
Nombre personal Macaluso, Mariano
Función Edit.
9 (RLIN) 3436
942 ## - ADDED ENTRY ELEMENTS (KOHA)
Source of classification or shelving scheme Dewey Decimal Classification
Item type Libros
Existencias
Estado de retiro Existencia Fuente de clasificación Estado general No para prestamo Ubicación permanente ubicación actual Sala de ubicación Fecha de adquisición Fuente de adquisición Total Checkouts Total Renewals Número de clasificación Código de barras Date last seen Date last borrowed Número de ejemplar Price effective from Koha tipo de elemento (item) Public note
    Dewey Decimal Classification     Biblioteca Medicina Biblioteca Medicina Circulación 18/12/2017 Donación delHospital ediciones, Hospital Italiano. Diciembre 2017 51 12 616 51 MED 4093 01/10/2025 24/09/2025 Ej. 2 18/12/2017 Libros Donación delHospital ediciones, Hospital Italiano. Diciembre 2017
    Dewey Decimal Classification     Biblioteca Medicina Biblioteca Medicina Circulación 18/12/2017 Donación delHospital ediciones, Hospital Italiano. Diciembre 2017 49 19 616 51 MED 4094 07/10/2025 23/09/2025 Ej. 3 18/12/2017 Libros Donación delHospital ediciones, Hospital Italiano. Diciembre 2017

UNIVERSIDAD NACIONAL DEL COMAHUE
Biblioteca de la Facultad de Ciencias Médicas
Sede Toschi: Los Arrayanes y Av. Toschi, Cipolletti  - Rio Negro
Sede Los Tordos:  Yrigoyen al 2211, Cipolletti - Rio Negro 

Teléfono: 0299 - 4774707 int 25
Contacto: biblioteca@facimed.uncoma.edu.ar
© 2011 - 2026